| 000 | 00524nam a2200217Ia 4500 | ||
|---|---|---|---|
| 003 | 0100 | ||
| 008 | 130303s9999 xx 000 0 und d | ||
| 020 | _a0130485500 | ||
| 040 | _cARRUPELIB | ||
| 050 | _aB21.P39 2000 | ||
| 245 | _aPhilosophic classics | ||
| 245 | _bnineteenth-century philosophy | ||
| 250 | _a3rd ed. | ||
| 260 | _aNew Jersey | ||
| 260 | _bPrentice-Hall | ||
| 260 | _C2000 | ||
| 300 | _a498p. | ||
| 300 | _b 24cm | ||
| 700 | _aBaird, Forrest E. and Kaufmann, Walter (eds.) | ||
| 942 |
_2lcc _09 |
||
| 999 |
_c59501 _d59501 |
||